Lakhisarai: (Record no. 213548)

MARC details
000 -LEADER
fixed length control field 00691nam a22002057a 4500
005 - DATE AND TIME OF LATEST TRANSACTION
control field 20251001120954.0
010 ## - LCCN (DPL NO)
LC control number ENG-146921
020 ## - INTERNATIONAL STANDARD BOOK NUMBER
International Standard Book Number 9788198873170
Terms of availability 7000.00
035 ## - SYSTEM CONTROL NUMBER
System control number EN-130453
037 ## - SOURCE OF ACQUISITION
Source of stock number/acquisition DBAD
082 ## - DEWEY DECIMAL CLASSIFICATION NUMBER
Edition number 1
Classification number 954.13
245 ## - TITLE STATEMENT
Title Lakhisarai:
Statement of responsibility, etc Forword By Mithilesh Mishra [and] Photography By Raviraaj patel
Remainder of title Pride of Bihar/
250 ## - EDITION STATEMENT
Edition statement 1
260 ## - PUBLICATION, DISTRIBUTION, ETC. (IMPRINT)
Place of publication, distribution, etc Mumbai
Name of publisher, distributor, etc Relyone Corporates Pvt. Ltd.
Date of publication, distribution, etc 2025
270 ## - ADDRESS
City Mumbai
Electronic mail address relyone2022@gmail.com
-- studios.rwork@gmail.com
300 ## - PHYSICAL DESCRIPTION
Extent 203p.
Dimensions 43cm(hb)
Other physical details col.,ill.
700 ## - ADDED ENTRY--PERSONAL NAME
Personal name Mishra, Mithilesh
Relator term Forword
9 (RLIN) 85325
700 ## - ADDED ENTRY--PERSONAL NAME
Personal name Patel, Raviraaj
Relator term Photographer
9 (RLIN) 85326
942 ## - ADDED ENTRY ELEMENTS (KOHA)
Source of classification or shelving scheme Dewey Decimal Classification
Item type English Books
Classification part 954.13
Call number suffix LAK
Holdings
Withdrawn status Lost status Not for loan Collection code Home library Current library Date acquired Source of acquisition Cost, normal purchase price Full call number Barcode Copy number Cost, replacement price Koha item type
    Not For Loan Reference Central Library Central Library 01/10/2025 Delivery of Books Act Division 7000.00 954.13 LAK EN-130453 1 7000.00 English Books

© Delhi Public Library
Hit Counter
free hit counter